[Event "Berlin-ch qualification"]
[Site "Berlin-Lichtenrade"]
[Date "2012.04.08"]
[Round "2.20"]
[White "Sauro, Marco"]
[Black "Penner, Markus"]
[Result "0-1"]
[WhiteElo "1786"]
[BlackElo "1964"]
[PlyCount "76"]
[EventDate "2012.04.08"]
[EventType "swiss"]
[EventRounds "9"]
[EventCountry "GER"]
[SourceTitle "EXT 2022"]
[Source "ChessBase"]
[SourceDate "2021.10.06"]
[SourceVersion "1"]
[SourceVersionDate "2021.10.06"]
[SourceQuality "1"]

1. Nf3 Nf6 2. g3 g6 3. Bg2 Bg7 4. 0-0 0-0 5. d3 d6 6. e4 c5 7. c3 Nc6 8. Nbd2 Rb8 9. a4 a6 10. Re1 b5 11. axb5 axb5 12. Rb1 b4 13. Qc2 Nd7 14. c4 Nde5 15. b3 Bg4 16. Bb2 Bxf3 17. Bxf3 Nd4 18. Bxd4 cxd4 19. Bg2 Ra8 20. Ra1 Qb6 21. h3 Ra5 22. f4 Nd7 23. Qb2 Rfa8 24. Bf1 Nc5 25. Rxa5 Qxa5 26. Rb1 Qa2 27. Kf2 Qxb2 28. Rxb2 Ra1 29. Ke2 Rc1 30. Nb1 Nxe4 31. Kf3 Rxb1 32. Rxb1 Nd2+ 33. Ke2 Nxb1 34. Bg2 e5 35. fxe5 Bxe5 36. g4 Bf4 37. Kf3 Be3 38. Ke2 Nd2 0-1

[Event "Berlin Eckbauer op 11th"]
[Site "Berlin"]
[Date "2008.10.13"]
[Round "6.20"]
[White "Sauro, Marco"]
[Black "Schilly, Hans Joachim"]
[Result "0-1"]
[WhiteElo "1547"]
[BlackElo "1829"]
[PlyCount "64"]
[EventDate "2008.09.08"]
[EventType "swiss"]
[EventRounds "6"]
[EventCountry "GER"]
[SourceTitle "EXT 2022"]
[Source "ChessBase"]
[SourceDate "2021.10.06"]
[SourceVersion "1"]
[SourceVersionDate "2021.10.06"]
[SourceQuality "1"]

1. Nf3 d5 2. g3 Nd7 3. Bg2 e5 4. d3 c6 5. 0-0 Be7 6. e4 d4 7. c3 c5 8. Nbd2 b5 9. cxd4 cxd4 10. a4 Qb6 11. a5 Qe6 12. Qb3 Qxb3 13. Nxb3 a6 14. Bd2 Bb7 15. Rac1 Bd6 16. Nh4 Ne7 17. f4 f6 18. f5 0-0 19. Rc2 Rac8 20. Rfc1 Rxc2 21. Rxc2 Rc8 22. Rxc8+ Nxc8 23. Nf3 Nc5 24. Nxc5 Bxc5 25. b4 Bd6 26. Ne1 Na7 27. Nc2 Nc6 28. g4 Bc8 29. h4 Bd7 30. g5 Be8 31. Bh3 Bh5 32. Be1 Bd1 0-1

[Event "Berlin Eckbauer op 11th"]
[Site "Berlin"]
[Date "2008.09.15"]
[Round "2.22"]
[White "Sauro, Marco"]
[Black "Wenkheimer, Rolf"]
[Result "0-1"]
[WhiteElo "1547"]
[BlackElo "1644"]
[PlyCount "46"]
[EventDate "2008.09.08"]
[EventType "swiss"]
[EventRounds "6"]
[EventCountry "GER"]
[SourceTitle "EXT 2022"]
[Source "ChessBase"]
[SourceDate "2021.10.06"]
[SourceVersion "1"]
[SourceVersionDate "2021.10.06"]
[SourceQuality "1"]

1. Nf3 Nc6 2. g3 e5 3. d3 Be7 4. Bg2 d5 5. 0-0 Nf6 6. Nbd2 e4 7. dxe4 dxe4 8. Ne1 Bc5 9. h3 e3 10. fxe3 Bxe3+ 11. Kh2 Qd6 12. Rf3 Ng4+ 13. hxg4 Qh6+ 14. Bh3 Bxg4 15. Rxe3+ Qxe3 16. Bxg4 h5 17. Bh3 h4 18. Ndf3 Qf2+ 19. Kh1 hxg3 20. Qd7+ Kf8 21. Qg4 Ne5 22. Be3 Qf1+ 23. Ng1 Nxg4 0-1

[Event "Berlin Eckbauer op 09th"]
[Site "Berlin"]
[Date "2006.10.23"]
[Round "3"]
[White "Schilly, Hans Joachim"]
[Black "Sauro, Marco"]
[Result "1-0"]
[WhiteElo "1749"]
[BlackElo "1551"]
[PlyCount "41"]
[EventDate "2006.10.09"]
[EventType "swiss"]
[EventRounds "7"]
[EventCountry "GER"]
[SourceTitle "EXT 2022"]
[Source "ChessBase"]
[SourceDate "2021.10.06"]
[SourceVersion "1"]
[SourceVersionDate "2021.10.06"]
[SourceQuality "1"]

1. c4 Nf6 2. Nc3 g6 3. d4 Bg7 4. e4 d6 5. f3 Na6 6. Be3 c6 7. Bd3 0-0 8. Nge2 e5 9. d5 c5 10. g4 Qb6 11. Qd2 Qc7 12. Ng3 b6 13. h4 h5 14. gxh5 gxh5 15. Bg5 Nh7 16. Nxh5 f5 17. Nxg7 Qxg7 18. 0-0-0 Nxg5 19. Rdg1 Kf7 20. Rxg5 Qh6 21. Rxf5+ 1-0

[Event "Berlin Eckbauer op 09th"]
[Site "Berlin"]
[Date "2006.10.16"]
[Round "2"]
[White "Sauro, Marco"]
[Black "Lippianowski, Stefan"]
[Result "1-0"]
[WhiteElo "1551"]
[BlackElo "1003"]
[PlyCount "47"]
[EventDate "2006.10.09"]
[EventType "swiss"]
[EventRounds "7"]
[EventCountry "GER"]
[SourceTitle "EXT 2022"]
[Source "ChessBase"]
[SourceDate "2021.10.06"]
[SourceVersion "1"]
[SourceVersionDate "2021.10.06"]
[SourceQuality "1"]

1. e4 e5 2. Nf3 Nc6 3. Bc4 Nf6 4. 0-0 Nxe4 5. d3 Nd6 6. Re1 f6 7. Bb3 Nf5 8. Nc3 Bb4 9. a3 Bc5 10. Bd5 Ncd4 11. Nxd4 Bxd4 12. Qh5+ g6 13. Qf3 c6 14. Be4 d5 15. Bxf5 Bxf5 16. Ne2 Qb6 17. Nxd4 Qxd4 18. c3 Qb6 19. g4 e4 20. dxe4 Bxe4 21. Qxf6 Rf8 22. Qe6+ Kd8 23. Be3 Qxb2 24. Bd4 1-0